Naruto Test - Statistics

General Stats
  • This quiz has been taken 214 times
  • The average score is 9 of 18
Answer Stats
Hint Answer % Correct
kurama
82%
Hagaromos Sons Indra
81%
Ashura
76%
4th hokage legacy naruto
76%
Tailed Beast Names shukaku
71%
matatabi
60%
gyuki
54%
chomei
51%
saiken
50%
isobu
48%
Named after the 3rd Hokages father sasuke
46%
kokuo
44%
Konohagakure Hidden leaf
37%
Kirigakure Hidden mist
33%
Sunagakure Hidden sand
33%
Iwagakure hidden stone
32%
Kumogakure hidden cloud
31%
son guko
9%
No matching quizzes found
Score Distribution
Percent of People with Each Score
Percentile by Number Answered
Your Score History
You have not taken this quiz